000 00618nam a2200205 4500
001 126578
003 ES-MaACL
005 20250523062559.0
007 t|
008 070214s1975 sp r ||||1| spa d
100 1 _aRequejo, José.
_996282
245 1 0 _aCartas de negocios de José Requejo /
_ceditadas y presentadas por Agustín García Calvo.
250 _a2ª ed. corr.
260 _aMadrid :
_bNostromo,
_c1975.
300 _a254 p. ;
_c19 cm.
700 1 _aGarcía Calvo, Agustín,
_d1926-2012
_epbl
_9233841
852 _aES-MaACL
_jE-8201
_bR.92508
942 _2udc
999 _c126578
_d126578